000 01000nam a2200241 a 4500
999 _c5454
_d5454
005 20180214144657.0
008 171014s2004 -ukad|||r|||| 00| 0 eng d
040 _aCO-BoIAVH
_cCO-BoIAVH
041 0 _aeng
044 _a-uk
082 0 4 _a333.95417
_bS23e
100 1 _aSantamaría-Gómez, Marcela
_eautora
245 1 0 _aThe effect of home range reduction on the ecology of red howler monkeys in central amazonia
260 _aCambridge :
_bWildlife Research Group ;
_bUniversity of Cambridge,
_c2004.
300 _a229 páginas :
_bilustraciones y gráficas ;
_c21 x 15 cm.
502 _aThesis Ph.D. University of Cambridge
650 1 4 _aMono aullador rojo
_xDomesticación de animales
_zAmazonas (Región)
650 2 4 _aMono aullador rojo
_xEcología
_zAmazonas (Región)
650 2 6 _aMono aullador rojo
_xProtección animal
_zAmazonas (Región)
662 _cAmazonía
856 _uhttp://ethos.bl.uk/OrderDetails.do?uin=uk.bl.ethos.614898
942 _cLIBRO
_2ddc